书目信息 |
| 题名: |
超级记忆
|
|
| 作者: | 巴赞 著 ;卜煜婷 译 | |
| 分册: | ||
| 出版信息: | 北京 化学工业出版社 2015.2 |
|
| 页数: | 33,234页 | |
| 开本: | 21cm | |
| 丛书名: | 东尼·博赞思维导图系列 全彩精装典藏版 | |
| 单 册: | ||
| 中图分类: | B842.3 | |
| 科图分类: | ||
| 主题词: | 记忆术--ji yi shu | |
| 电子资源: | ||
| ISBN: | 978-7-122-22226-8 | |
| 000 | 01214nam0 22003011 450 | |
| 001 | 1759773988 | |
| 005 | 20170603153343.0 | |
| 010 | @a978-7-122-22226-8@b精装@dCNY49.80 | |
| 100 | @a20150105d2015 em y0chiy50 ea | |
| 101 | 1 | @achi@ceng |
| 102 | @aCN@b110000 | |
| 105 | @aa z 000yy | |
| 106 | @ar | |
| 200 | 1 | @a超级记忆@Achao ji ji yi@f(英)东尼·博赞著@g卜煜婷译 |
| 210 | @a北京@c化学工业出版社@d2015.2 | |
| 215 | @a33,234页@c图@d21cm | |
| 225 | 2 | @a东尼·博赞思维导图系列 全彩精装典藏版@Adong ni bo zan si wei dao tu xi lie quan cai jing zhuang dian cang ban |
| 305 | @a由培生教育亚洲有限公司授权出版 | |
| 312 | @a英文原名:The memory book | |
| 330 | @a本书介绍了东尼·博赞通过各种独特的记忆方法,帮助我们记忆人的名字和面孔、数字、日期、表格、以及演讲、文章、诗歌,甚至一整本书!书中还有专门章节讲授如何将记忆法运用到牌技中、新语言的学习与考试应对中,以及梦境的记忆等。 | |
| 461 | 0 | @12001 @a东尼·博赞思维导图系列 全彩精装典藏版 |
| 510 | 1 | @aMemory book@zeng |
| 606 | 0 | @a记忆术@Aji yi shu |
| 690 | @aB842.3@v5 | |
| 701 | 0 | @c(英)@a巴赞@Aba zan@c(Buzan, Tony@f1942~)@4著 |
| 702 | 0 | @a卜煜婷@Abo yu ting@4译 |
| 801 | 0 | @aCN@bTANGWEI@c20170517 |
| 905 | @b1007430-5@dB842.3@e1802@f6 | |
| 超级记忆/(英)东尼·博赞著/卜煜婷译 .-北京:化学工业出版社,2015.2 |
| 33,234页:图;21cm.-(东尼·博赞思维导图系列 全彩精装典藏版) |
| ISBN 978-7-122-22226-8(精装):CNY49.80 |
| 本书介绍了东尼·博赞通过各种独特的记忆方法,帮助我们记忆人的名字和面孔、数字、日期、表格、以及演讲、文章、诗歌,甚至一整本书!书中还有专门章节讲授如何将记忆法运用到牌技中、新语言的学习与考试应对中,以及梦境的记忆等。 |
| ● |
| 相关链接 |
|
|
|
|
正题名:超级记忆
索取号:B842.3/1802
 
预约/预借
| 序号 | 登录号 | 条形码 | 馆藏地/架位号 | 状态 | 备注 |
| 1 | 1007430 | 210074300 | 第一样本阅览室/ [索取号:B842.3/1802] | 在馆 | |
| 2 | 1007431 | 210074319 | 教育系资料室/ [索取号:B842.3/1802] | 在馆 | |
| 3 | 1007432 | 210074328 | 教育系资料室/ [索取号:B842.3/1802] | 在馆 | |
| 4 | 1007433 | 210074337 | 教育系资料室/ [索取号:B842.3/1802] | 在馆 | |
| 5 | 1007434 | 210074346 | 第一借阅区/ [索取号:B842.3/1802] | 在馆 | |
| 6 | 1007435 | 210074355 | 第一借阅区/ [索取号:B842.3/1802] | 在馆 |